000
00335nam a2200145Ia 4500
003
OSt
005
20240301105127.0
008
170524s9999 xx 000 0 und d
020
_a
9780078034657
040
_c
IIMT UNIVERSITY
100
_a
Even Cheol
245
0
_a
INTERNATIONAL FINANCIAL MANAGEMENT
260
_a
TMH
942
_2
ddc
_c
02
999
_c
3084
_d
3084